Top 10 du Ballon d'Or - Années 2000 - Statistiques

Statistiques générales
  • Ce quiz a été pris 56 fois
  • Le résultat moyen est 29 sur 48
Statistiques - réponses
Pays Joueur % Correct
langfr-1920px-Flag_of_Portugal_%28official%29.svg.png Cristiano Ronaldo
100%
langfr-1920px-Flag_of_Argentina.svg.png Lionel Messi
100%
langfr-1920px-Flag_of_Brazil.svg.png Ronaldo
100%
langfr-1920px-Flag_of_Spain.svg.png Andrés Iniesta
94%
langfr-1920px-Flag_of_Spain.svg.png Xavi
94%
langfr-1920px-Flag_of_Brazil.svg.png Ronaldinho
92%
langfr-1920px-Flag_of_France.svg.png Thierry Henry
92%
langfr-1920px-Flag_of_France.svg.png Zinédine Zidane
92%
langfr-1920px-Flag_of_Cameroon.svg.png Samuel Eto'o
90%
langfr-1920px-Flag_of_Ukraine.svg.png Andriy Chevtchenko
88%
langfr-1920px-Flag_of_C%C3%B4te_d%27Ivoire.svg.png Didier Drogba
88%
langfr-1920px-Flag_of_Portugal_%28official%29.svg.png Luís Figo
88%
langfr-1920px-Flag_of_Sweden.svg.png Zlatan Ibrahimović
88%
langfr-1920px-Flag_of_Brazil.svg.png Kaká
87%
langfr-1920px-Flag_of_the_Czech_Republic.svg.png Pavel Nedvěd
81%
langfr-1920px-Flag_of_England.svg.png Michael Owen
79%
langfr-1920px-Flag_of_Italy.svg.png Fabio Cannavaro
77%
langfr-1920px-Flag_of_Italy.svg.png Gianluigi Buffon
77%
langfr-1920px-Flag_of_England.svg.png Frank Lampard
73%
langfr-1920px-Flag_of_England.svg.png Wayne Rooney
73%
langfr-1920px-Flag_of_Spain.svg.png Fernando Torres
71%
langfr-1920px-Flag_of_Brazil.svg.png Roberto Carlos
71%
langfr-1920px-Flag_of_England.svg.png Steven Gerrard
71%
langfr-1920px-Flag_of_Italy.svg.png Paolo Maldini
67%
langfr-1920px-Flag_of_Italy.svg.png Andrea Pirlo
63%
langfr-1920px-Flag_of_Spain.svg.png Iker Casillas
63%
langfr-1920px-Flag_of_Brazil.svg.png Rivaldo
58%
langfr-1920px-Flag_of_Spain.svg.png David Villa
56%
langfr-1920px-Flag_of_England.svg.png David Beckham
54%
langfr-1920px-Flag_of_Spain.svg.png Raúl
54%
langfr-1920px-Flag_of_Portugal_%28official%29.svg.png Deco
52%
langfr-1920px-Flag_of_Germany.svg.png Oliver Kahn
52%
langfr-1920px-Flag_of_Italy.svg.png Francesco Totti
48%
langfr-1920px-Flag_of_Italy.svg.png Alessandro Nesta
46%
langfr-1920px-Flag_of_the_Netherlands.svg.png Ruud van Nistelrooy
46%
langfr-1920px-Flag_of_Germany.svg.png Miroslav Klose
42%
langfr-1920px-Flag_of_Italy.svg.png Alessandro Del Piero
40%
langfr-1920px-Flag_of_Argentina.svg.png Gabriel Batistuta
33%
langfr-1920px-Flag_of_Germany.svg.png Michael Ballack
33%
langfr-1920px-Flag_of_Brazil.svg.png Adriano
31%
langfr-1920px-Flag_of_Spain.svg.png Cesc Fàbregas
27%
langfr-1920px-Flag_of_Brazil.svg.png Robinho
25%
langfr-1280px-Flag_of_Russia.svg.png Andreï Archavine
19%
langfr-1920px-Flag_of_Portugal_%28official%29.svg.png Ricardo Carvalho
17%
langfr-1920px-Flag_of_Spain.svg.png Gaizka Mendieta
10%
langfr-1920px-Flag_of_Germany.svg.png Jens Lehmann
8%
langfr-1280px-Flag_of_Greece.svg.png Theódoros Zagorákis
4%
langfr-1280px-Flag_of_Turkey.svg.png Yıldıray Baştürk
4%
Aucun quiz correspondant
Distribution des résultats
% des personnes avec chaque résultat
Percentile par nombre de réponses
Votre historique - résultats
Vous n’avez pas pris ce quiz